| 000 | 01036nam a22003257a 4500 | ||
|---|---|---|---|
| 003 | CHAP | ||
| 005 | 20220329140346.0 | ||
| 008 | 971013s1976 r 00010 d | ||
| 010 | _a50891 | ||
| 011 | _a51863 | ||
| 035 | _a56013 | ||
| 040 | _cCHAP | ||
| 082 |
_a631.86 _bV6 |
||
| 100 | 0 | 0 |
_aVoorburg J. H. _9120689 |
| 245 |
_aUtilization of manure by land spreading _b: a seminar in the EEC Programme... |
||
| 260 |
_aLuxembourg : _bCommssion of the European Communicaties, _c1976 |
||
| 300 |
_a732 p. _b; mapas ; gráfs. |
||
| 490 | _aEUR, 5672e | ||
| 590 |
_aBATCH-UPD _b10 _c20130110 _lUCH01 _h0430 |
||
| 590 |
_aBATCH-UPD _b10 _c20130110 _lUCH01 _h2308 |
||
| 590 |
_aBATCH-UPD _b10 _c20130410 _lUCH01 _h1559 |
||
| 590 |
_aBATCH-UPD _b10 _c20130913 _lUCH01 _h1826 |
||
| 590 |
_aCONVERSION _b10 _c20130109 _lUCH01 _h1328 |
||
| 650 | 1 | 4 |
_aAbonos. _9235 |
| 650 | 1 | 4 |
_aEstiércol. _938313 |
| 830 | 0 |
_aEUR, 5672e _938856 |
|
| 901 | _aBK | ||
| 942 | _cLIBRO | ||
| 949 |
_a631.86 V6 _bBC _cLIBRO _d33724000091500 _eLIBRO _h13526 _i56013 _si _t736.00 |
||
| 999 |
_c50891 _d50891 |
||